Německé idiomy v praxi /

Hlavní autor: Kolečková, Olga, 1958-
Další autoři: Haupenthal, Thomas, 1959-
Jazyk: Němčina
Čeština
Vydáno: Praha : Polyglot, 2002
Vydání: 1. vyd.
Témata:
Fyzický popis: 223 s. ; 24 cm
Knihy
Uloženo v:
LEADER 01490nam a2200445 a 4500
001 000669005
003 CZ BrMZK
005 20090909150043.0
007 ta
008 030506s2002 xr g f 000 0 cze d
015 |a cnb001179988 
020 |a 80-86195-16-3  |q (brož.) 
035 |a (OCoLC)53267910 
040 |a ABA001  |b cze  |d BOA001 
041 0 |a cze  |a ger 
072 7 |a 81  |x Lingvistika. Jazyky  |2 Konspekt  |9 11 
080 |a 811.112.2  |2 MRF 
080 |a 811.162.3  |2 MRF 
080 |a 81'373.72  |2 MRF 
080 |a (035)  |2 MRF 
080 |a (038)81  |2 MRF 
100 1 |a Kolečková, Olga,  |d 1958-  |7 mzk2003181721  |4 aut 
245 1 0 |a Německé idiomy v praxi /  |c Olga Kolečková, Thomas Haupenthal 
250 |a 1. vyd. 
260 |a Praha :  |b Polyglot,  |c 2002 
300 |a 223 s. ;  |c 24 cm 
500 |a 7500 výt. 
500 |a Česko-německý a německo-český slovník 
504 |a Obsahuje bibliografii 
650 0 7 |a němčina  |7 ph115512  |2 czenas 
650 0 7 |a čeština  |7 ph135292  |2 czenas 
650 0 7 |a idiomy  |7 ph139219  |2 czenas 
655 7 |a příručky  |7 fd133209  |2 czenas 
655 7 |a jazykové slovníky  |7 fd132493  |2 czenas 
700 1 |a Haupenthal, Thomas,  |d 1959-  |7 mzk2003181722  |4 aut 
910 |a BOA001  |b 2-1119.037 
990 |a BK 
991 |d dopl 
996 6 |b 2610190834  |c 2-1119.037  |l MZK  |r Sklad / do 1 hodiny  |n 3  |p p.v.  |w 000669005  |u 000010  |a 1  |e BOA001  |j MZK50  |s P 
996 7 |b 2610768329  |c 2-1119.037  |l MZK  |r Sklad / do 1 hodiny  |n 2  |p dar  |w 000669005  |u 000030  |a 1  |e BOA001  |j MZK50  |s A